000 00533nam a22002057a 4500
003 koha_MIRAKIL
005 20231213100000.0
008 231213b |||||||| |||| 00| 0 ||| d
020 _b978-9-75050694-9
040 _aTR-IsEVY
_btur
_cTR-IsEVY
082 _a553.7 STR/T
100 _aStrauss, Rochelle.
245 0 _aTek kuyu
_byeryüzündeki suyun öyküsü
250 _a1. bs.
260 _bİletişim Yayınları,
_c2009
300 _a32 s.
650 _aBilim -- Su.
650 _aScience -- Water.
942 _2ddc
_cBK
999 _c12592
_d12592